00389nam a2200145Ia 4500003000900000008004100009040001600050080001900066100002000085245002900105260003900134300001400173650002800187650002800215IN-BaIIA211028s9999 xx 000 0 eng d cIIA Library a[8]:01:00bREI aReid, Constance 0aHilbertcConstance Reid aLondonbGeorge Allen & Unwinc1970 axi, 290p. aBiography-David Hilbert aDavid Hilbert Biography